| 000 | 00458nam a2200157Ia 4500 | ||
|---|---|---|---|
| 008 | 210716s2014 xx 000 0 und d | ||
| 020 | _a9789339204105 | ||
| 041 | _aeng | ||
| 082 | _a658.7 CHAR | ||
| 100 | _aChase, Richard B;Shankar, Ravi;Jacobs, F Robert. | ||
| 245 | _aOperations and supply chain management. | ||
| 250 | _a14 | ||
| 260 |
_aNew Delhi _bMc Graw Hill Book Company _c2014 |
||
| 300 | _axxxviii,934 | ||
| 650 | _aMaterials Management(658.7) | ||
| 999 |
_c194094 _d194094 |
||